| 000 | 01522nam a22003374a 4500 | ||
|---|---|---|---|
| 001 | ebr10116449 | ||
| 003 | CaPaEBR | ||
| 006 | m u | ||
| 007 | cr cn||||||||| | ||
| 008 | 011105s2002 ne a sb 101 0 eng | ||
| 020 | _z1586032070 (IOS Press) | ||
| 040 |
_aCaPaEBR _cCaPaEBR |
||
| 035 | _a(OCoLC)53017729 | ||
| 050 | 1 | 4 |
_aRC382 _b.S65 2000eb |
| 082 | 0 | 4 |
_a616.8/33 _221 |
| 111 | 2 |
_aSolvay Pharmaceuticals Conference on Parkinson's Disease _n(1st : _d2000 : _cComo, Italy) |
|
| 245 | 1 | 0 |
_aParkinson's disease _h[electronic resource] / _cedited by E. Ronken and G.J.M. van Scharrenburg. |
| 260 |
_aAmsterdam ; _aWashington, DC : _bIOS Press, _cc2002. |
||
| 300 |
_aviii, 159 p. : _bill. |
||
| 490 | 1 |
_aSolvay Pharmaceuticals Conferences, _x1566-7685 ; _vv. 1 |
|
| 500 | _a"The First Solvay Pharmaceuticals Conference on "Parkinson's Disease" was held in Como from October 25 to 27, 2000"--Pref. | ||
| 504 | _aIncludes bibliographical references and index. | ||
| 533 |
_aElectronic reproduction. _bPalo Alto, Calif. : _cebrary, _d2013. _nAvailable via World Wide Web. _nAccess may be limited to ebrary affiliated libraries. |
||
| 650 | 0 |
_aParkinson's disease _vCongresses. |
|
| 655 | 7 |
_aElectronic books. _2local |
|
| 700 | 1 | _aRonken, E. | |
| 700 | 1 | _aScharrenburg, G. J. M. van. | |
| 710 | 2 | _aebrary, Inc. | |
| 830 | 0 |
_aSolvay Pharmaceuticals Conferences ; _vv. 1. |
|
| 856 | 4 | 0 |
_uhttp://site.ebrary.com/lib/rucke/Doc?id=10116449 _zAn electronic book accessible through the World Wide Web; click to view |
| 999 |
_c208718 _d208718 |
||